000 00565nam a2200157 i 4500
001 89694
003 ES-MaACL
005 20230906180241.0
007 t|
008 050112s1985 xxk ||||1| eng d
245 0 4 _aThe law and practice concerning occupational health in the member states of the European Community /
_cEnvironmental Resources Ltd for the Commission of the European Communities.
260 _aLondon :
_bGraham & Trotman Ltd.,
_c1985.
300 _a5 v. ;
_c23 cm.
710 2 _aComisión Europea.
_93143
852 _aES-MaACL
_jL-11819-23
_bR.112428
999 _c89694
_d89694